000
00270nam a2200109Ia 4500
005
20251222140043.0
008
251222s1900||||xx |||||||||||||| ||spa||
082
_a
237.9/P38
100
_a
"Peinado Peinado, Miguel"
245
0
_a
Exposición de la fe cristiana
942
_c
LIB
999
_c
3360
_d
3360